| 000 | 01015cam a22002655a 4500 | ||
|---|---|---|---|
| 001 | E145792 | ||
| 008 | 081110s2008 xxka f 000 0 eng d | ||
| 020 | _a9781848060654 | ||
| 035 | _a(Sirsi) u145792 | ||
| 041 | 0 | _aeng | |
| 050 | 0 | 4 | _a696.9 $2 18 |
| 100 | 1 | _aGaze, Christopher | |
| 245 | 0 | 0 |
_aApplying the code for sustainable homes on the BRE innovation park _blessons learnt about architecture, construction and material sourcing |
| 260 |
_aWatford _bBRE _c2008 |
||
| 300 |
_a8p. _bcol. ill. _c30cm. |
||
| 490 | 0 |
_aBRE Information Paper _vIP 9/08 Part 4 |
|
| 520 | _aThe fourth in a four part series of information papers discussing the information gathered from the BRE Innovation Park regarding the Code for Sustainable Homes 2006 (see E144730, E145213 and E145463 for Parts 1 to 3). | ||
| 521 | _aAdvanced | ||
| 590 | _aKA | ||
| 650 | 2 | 4 | _aCODE FOR SUSTAINABLE HOMES |
| 651 | 4 |
_aUnited Kingdom _y |
|
| 690 | _aBUILT ENVIRONMENT-SUSTAINABLE CONSTRUCTION | ||
| 700 | 1 | _aClift, Mike | |
| 942 | _n0 | ||
| 999 |
_c108924 _d108924 |
||